| 000 | 02018cam a22004094i 4500 | ||
|---|---|---|---|
| 003 | PE-LiUPU | ||
| 005 | 20250731184057.0 | ||
| 008 | 150623s r 000 0 d | ||
| 020 | _a1850758212 | ||
| 035 | _a(Sirsi) i9781850758211 | ||
| 040 |
_aPE-LiUPU _bspa _cPE-LiUPU _erda |
||
| 049 | _aPRUA | ||
| 082 | 0 | 4 |
_a809.935 22 _bM58 _221 |
| 245 | 0 | 4 |
_aThe monstrous and the unspeakable : _bthe bible as fantastic literature / _cEditores: Aichele, George and Pippin, Tina. |
| 264 | 1 |
_aMidsomer Norton, Bath, Great Britain : _bSheffield Academic Press, _c1997. |
|
| 300 |
_a246 páginas ; _c24 centímetros |
||
| 336 |
_atext _2rdacontent |
||
| 337 |
_aunmediated _2rdamedia |
||
| 338 |
_avolume _2rdacarrier |
||
| 490 | 0 |
_aPlaying the texts ; _v1 |
|
| 504 | _aBibliografía : p. 238-239. | ||
| 505 | 0 | _aIntroduction: Imagining God. -Bordercrossing: fal and fantasy in blade runner and Thelma and Louise. -God the monster: fantasy in the garden of eden. -A teshuva on sacred clowning, from Reb Kugel. -Rewriting superman. -Cold comfort: Stephen W. Hawking and the Bible. -Ancient Biblical Worlds and recent magicals realism: Affirming and denying reality. -Hermes, the fantastic and the burning heart. -Impaling. drácula, and the Bible. -The scandal of the cross: crucifixion imagery and bram stoker's drácula. -Sacred horror: faith and fantasy in the revelation to John. | |
| 526 | _aP145 | ||
| 526 | _aP127 | ||
| 526 | _aP97 | ||
| 526 | _aP14 | ||
| 526 | _aP07 | ||
| 630 | _aBiblia como literatura. | ||
| 700 | 1 |
_aAichele, George, _eed. |
|
| 700 | 1 |
_aPippin, Tina, _eed. |
|
| 942 |
_2ddc _cBOOK |
||
| 949 |
_a809.935 22 M58 _wDEWEY _c1 _i44199 _lCCODEBUL1 _mBUL _r0 _sY _tBOOK _u2015-6-24 _xTEOLOGIA _PP35 _0COMPRA _o.STAFF. Colección General |
||
| 994 |
_aC0 _bPEPRU |
||
| 596 | _a1 | ||
| 999 |
_a809.935 22 M58 _wDEWEY _c21074 _i44199 _f2021-11-11 _g5 _lCCODEBUL1 _mBUL _r0 _sY _tBOOK _u2015-6-24 _xTEOLOGIA _PP35 _0COMPRA _o.STAFF. Colección General _d21074 |
||
| 980 |
_81 _gALBERTO SANCHEZ Responsable de Automatización |
||